000 01165nam0a22002531 4500
001 rc\316681
005 20250621033513.0
035 _a(NLR Aleph) 005551544
090 _a5815875
_c5815875
100 _a20030307d1990 |||y0rusy50 ca
101 0 _arus
102 _aRU
105 _aa |||||||||
200 1 _aФункционально-структурный анализ технологических процессов в машиностроении
_eУчеб. пособие
210 _aЛюберцы
_cИПК Минавтосельхозмаша СССР
_d1990
215 _a78 с.
_cил.
_d21
225 1 _aНепрерывное образование кадров
_fМ-во автомоб. и с.-х. машиностроения СССР, Ин-т повышения квалификации и переподготовки руководящих работников и специалистов
320 _aБиблиогр.: с. 76 (10 назв.)
700 1 _aАндрияшина
_bН.Н.
_gНадежда Николаевна
801 0 _aRU
_bNLR
_gpsbo
801 1 _aRU
_bELAR
_2rusmarc
852 _aNLR
_j90-4/6771
942 _cBOOK
980 _aNB